| 000 | 00832nam a22002415i 4500 | ||
|---|---|---|---|
| 001 | 177786 | ||
| 003 | ES-MaACL | ||
| 005 | 20250808062126.0 | ||
| 008 | 110426s1972 fr ab |||| | fre d | ||
| 080 | _a94(44)"1789/1799" | ||
| 100 | 1 |
_aVovelle, Michel. _9115754 |
|
| 245 | 1 | 3 |
_aLa chute de la monarchie _b: 1787-1792 / _cMichel Vovelle. |
| 260 |
_a[París] : _bÉditions du Seuil, _cimp. 1972. |
||
| 300 |
_a287 p. : _bil. bl. y n. ; _c18 cm. |
||
| 490 | 1 |
_aNouvelle histoire de la France contemporaine ; _v1 |
|
| 500 | _aÍndices. | ||
| 504 | _aBibliografía: p. 269-275. | ||
| 546 | _aTexto en francés. | ||
| 651 | 4 |
_aFrancia- _xHistoria- _y1789-1799, Revolución _9241176 |
|
| 830 | 0 | 0 |
_aNouvelle histoire de la France contemporaine _v1 _9190594 |
| 852 |
_aES-MaACL _jE-14992 _xOlim P-123 |
||
| 999 |
_c177786 _d177786 |
||